První krize eura: analýza možných cest
Alternatívne možnosti budúceho vývoja eura a eurozóny. Maastrichtské kritéria a Pakt stability. Grécky dlh a ostatné zadĺžené krajiny. Pokles eura voči doláru. Obnovenie fiškálenej disciplíny. Inflácia a zadĺženosť. Zvýšenie pružnosti ekonomiky. Liberalizácia a deregulácia.
Gespeichert in:
| 1. Verfasser: | |
|---|---|
| Format: | Buchkapitel |
| Sprache: | Tschechisch |
| Schlagworte: | |
| Tags: |
Keine Tags, Fügen Sie das erste Tag hinzu!
|
MARC
| LEADER | 00000naa$a2200000$$$4500 | ||
|---|---|---|---|
| 001 | 0116230 | ||
| 005 | 20231129093249.6 | ||
| 041 | 0 | |a cze | |
| 044 | |a CZ | ||
| 245 | 1 | 0 | |a První krize eura: analýza možných cest |c Karel Machala |
| 520 | |a Alternatívne možnosti budúceho vývoja eura a eurozóny. Maastrichtské kritéria a Pakt stability. Grécky dlh a ostatné zadĺžené krajiny. Pokles eura voči doláru. Obnovenie fiškálenej disciplíny. Inflácia a zadĺženosť. Zvýšenie pružnosti ekonomiky. Liberalizácia a deregulácia. | ||
| 610 | 2 | 0 | |a Európska únia |
| 610 | 2 | 0 | |a eurozóna |
| 610 | 2 | 0 | |a kríza finančná |
| 610 | 2 | 0 | |a dlhy štátne |
| 610 | 2 | 0 | |a dlhy verejné |
| 610 | 2 | 0 | |a rozpočet štátny |
| 610 | 2 | 0 | |a deficit rozpočtový |
| 610 | 2 | 0 | |a politika fiškálna |
| 610 | 2 | 0 | |a politika menová |
| 610 | 2 | 0 | |a euro |
| 610 | 2 | 0 | |a inflácia |
| 100 | 1 | |a Machala, Karel | |